Появление массы векторных бозонов за счет темной энергии Вселенной; Известия вузов. Физика; Т. 53, № 3
| Parent link: | Известия вузов. Физика: научный журнал/ Национальный исследовательский Томский государственный университет (ТГУ).— , 1957- Т. 53, № 3.— 2010.— [С. 74-79] |
|---|---|
| Autor principal: | |
| Resumo: | Заглавие с экрана Показано, что векторные бозоны могут приобретать массу за счет вакуумоподобного скалярного поля, имитирующего темную энергию и темную материю Вселенной. Это означает, что сам факт существования наблюдаемых массивных переносчиков слабых взаимодействий может являться сигналом от темной энергии. Режим доступа: по договору с организацией-держателем ресурса |
| Idioma: | russo |
| Publicado em: |
2010
|
| Assuntos: | |
| Acesso em linha: | http://elibrary.ru/item.asp?id=14306099 |
| Formato: | Recurso Electrónico Capítulo de Livro |
| KOHA link: | https://koha.lib.tpu.ru/cgi-bin/koha/opac-detail.pl?biblionumber=637464 |
MARC
| LEADER | 00000nla0a2200000 4500 | ||
|---|---|---|---|
| 001 | 637464 | ||
| 005 | 20250421092348.0 | ||
| 035 | |a (RuTPU)RU\TPU\network\1604 | ||
| 090 | |a 637464 | ||
| 100 | |a 20140918d2010 k||y0rusy50 ca | ||
| 101 | 0 | |a rus | |
| 102 | |a RU | ||
| 135 | |a drcn ---uucaa | ||
| 181 | 0 | |a i | |
| 182 | 0 | |a b | |
| 200 | 1 | |a Появление массы векторных бозонов за счет темной энергии Вселенной |f В. В. Ласуков | |
| 203 | |a Текст |c электронный | ||
| 300 | |a Заглавие с экрана | ||
| 320 | |a [Библиогр.: с. 79 (22 назв.)] | ||
| 330 | |a Показано, что векторные бозоны могут приобретать массу за счет вакуумоподобного скалярного поля, имитирующего темную энергию и темную материю Вселенной. Это означает, что сам факт существования наблюдаемых массивных переносчиков слабых взаимодействий может являться сигналом от темной энергии. | ||
| 333 | |a Режим доступа: по договору с организацией-держателем ресурса | ||
| 461 | |t Известия вузов. Физика |o научный журнал |f Национальный исследовательский Томский государственный университет (ТГУ) |d 1957- | ||
| 463 | |t Т. 53, № 3 |v [С. 74-79] |d 2010 | ||
| 610 | 1 | |a электронный ресурс | |
| 610 | 1 | |a труды учёных ТПУ | |
| 610 | 1 | |a Леметр | |
| 610 | 1 | |a скалярное поле | |
| 700 | 1 | |a Ласуков |b В. В. |c математик |c доцент Томского политехнического университета, кандидат физико-математических наук |f 1954- |g Владимир Васильевич |3 (RuTPU)RU\TPU\pers\28144 |9 13102 | |
| 801 | 2 | |a RU |b 63413507 |c 20150421 |g RCR | |
| 850 | |a 63413507 | ||
| 856 | 4 | |u http://elibrary.ru/item.asp?id=14306099 | |
| 942 | |c CF | ||